000
00386nam a2200133Ia 4500
008
100328s9999 xx 000 0 und d
082
_b
19570
100
_a
मंत्री रमेश
245
_a
स्वल्पविराम
260
_b
सुमंगल
630
_a
स्वल्पविराम
730
_a
स्वल्पविराम
942
_c
BOOK
999
_c
513865
_d
513862